[Event "17. Open de Sants Hostafrancs 2015"]
[Site "Barcelona ESP"]
[Date "2015.08.28"]
[Round "8.29"]
[White "Cruz, Jonathan"]
[Black "Chalmeta Ugas, Ramon"]
[Result "1-0"]
[WhiteElo "2450"]
[BlackElo "2271"]
[PlyCount "64"]
[EventDate "2015.08.21"]
[EventType "swiss"]
[EventRounds "10"]
[EventCountry "ESP"]
[SourceTitle "Ajedrez en Madrid"]
[Source "lmi"]
[SourceDate "2015.08.21"]

1. Nf3 Nf6 2. c4 c6 3. Nc3 d5 4. e3 g6 5. cxd5 cxd5 6. Bb5+ Bd7 7. Qb3 Bxb5 8.
Qxb5+ Qd7 9. Qxd7+ Nbxd7 10. Nb5 Rc8 11. Nxa7 Rc5 12. b4 Rc4 13. a3 Bg7 14. Bb2
O-O 15. Ke2 Nb6 16. Bd4 Na4 17. Ne5 Rc2 18. Rhc1 Rxc1 19. Rxc1 Ne4 20. Rc7 Nd6
21. Rxe7 Ra8 22. Rd7 Bf8 23. Ng4 Nf5 24. Rxb7 Nxd4+ 25. exd4 Re8+ 26. Ne3 h5
27. Nc6 Bd6 28. g3 Nb2 29. Rd7 Bf8 30. Rxd5 Nc4 31. Kd3 Nxa3 32. Ra5 Nb1 1-0

[Event "17. Open de Sants Hostafrancs 2015"]
[Site "Barcelona ESP"]
[Date "2015.08.28"]
[Round "8.30"]
[White "Vassallo Barroche, Mauricio"]
[Black "Gonzalez Valero, Julio"]
[Result "1-0"]
[WhiteElo "2430"]
[BlackElo "2246"]
[PlyCount "91"]
[EventDate "2015.08.21"]
[EventType "swiss"]
[EventRounds "10"]
[EventCountry "ESP"]
[SourceTitle "Ajedrez en Madrid"]
[Source "lmi"]
[SourceDate "2015.08.21"]

1. Nf3 d5 2. g3 c6 3. Bg2 Bg4 4. O-O Nd7 5. d4 e6 6. Nbd2 Ngf6 7. c3 Bd6 8. Re1
O-O 9. e4 dxe4 10. Nxe4 Nxe4 11. Rxe4 Nf6 12. Re1 Qb6 13. Qc2 Bf5 14. Qe2 Rfd8
15. Ne5 Qc7 16. Nc4 Nd5 17. Nxd6 Qxd6 18. Bg5 Rd7 19. Rad1 h6 20. Bc1 Rad8 21.
a3 Qc7 22. h4 Qa5 23. g4 Bg6 24. h5 Bh7 25. Qf3 Nf6 26. Bf4 Qb5 27. b4 Qd5 28.
Qh3 Qb3 29. g5 Bf5 30. Qh4 hxg5 31. Bxg5 Qxc3 32. Bxf6 gxf6 33. Re3 Qc2 34.
Rg3+ Kh7 35. Rf1 Qd2 36. Qxf6 Qh6 37. Qe5 Rxd4 38. Bf3 R4d7 39. Kh1 Rg8 40.
Rxg8 Kxg8 41. Rg1+ Kh7 42. Qb8 Bg6 43. Rg3 Rd5 44. Kg2 Rg5 45. hxg6+ Qxg6 46.
Qxa7 1-0

[Event "17. Open de Sants Hostafrancs 2015"]
[Site "Barcelona ESP"]
[Date "2015.08.28"]
[Round "8.32"]
[White "Aranaz Murillo, Amalia"]
[Black "Stella, Andrea"]
[Result "0-1"]
[WhiteElo "2287"]
[BlackElo "2423"]
[PlyCount "62"]
[EventDate "2015.08.21"]
[EventType "swiss"]
[EventRounds "10"]
[EventCountry "ESP"]
[SourceTitle "Ajedrez en Madrid"]
[Source "lmi"]
[SourceDate "2015.08.21"]

1. Nf3 Nf6 2. c4 b6 3. g3 Bb7 4. Bg2 g6 5. O-O Bg7 6. Nc3 O-O 7. Re1 c5 8. e4
Nc6 9. d3 d6 10. h3 Ne8 11. Bg5 Nc7 12. Qd2 Ne6 13. Bh6 Ned4 14. Bxg7 Kxg7 15.
Nh2 e6 16. f4 f5 17. Rab1 Qd7 18. g4 Rae8 19. Kh1 Kh8 20. b3 Qg7 21. Rf1 Rf7
22. Rf2 Ref8 23. exf5 gxf5 24. g5 Qg6 25. Re1 h6 26. h4 hxg5 27. hxg5 Rh7 28.
Kg1 Qh5 29. Nf1 Ne5 30. Bxb7 d5 31. Ng3 Nef3+ 0-1

[Event "17. Open de Sants Hostafrancs 2015"]
[Site "Barcelona ESP"]
[Date "2015.08.28"]
[Round "8.33"]
[White "Pile, Richard"]
[Black "Serra Pages, Jordi"]
[Result "0-1"]
[WhiteElo "2419"]
[BlackElo "2235"]
[PlyCount "98"]
[EventDate "2015.08.21"]
[EventType "swiss"]
[EventRounds "10"]
[EventCountry "ESP"]
[SourceTitle "Ajedrez en Madrid"]
[Source "lmi"]
[SourceDate "2015.08.21"]

1. e4 e5 2. Nf3 Nc6 3. Bb5 a6 4. Ba4 Nf6 5. d3 d6 6. Bxc6+ bxc6 7. O-O c5 8.
Ne1 Be7 9. Nc3 Rb8 10. b3 Be6 11. f4 exf4 12. Bxf4 O-O 13. Nf3 Nh5 14. Be3 Nf6
15. Qe2 Ng4 16. Bd2 Bf6 17. Rae1 g6 18. Nd1 Ne5 19. Bh6 Nxf3+ 20. Qxf3 Bd4+ 21.
Ne3 Re8 22. Qg3 Bg7 23. Bxg7 Kxg7 24. e5 Rb4 25. c3 Rb6 26. Qf4 Qd7 27. exd6
cxd6 28. d4 f5 29. d5 Bf7 30. Nc4 Rbb8 31. Nxd6 Rxe1 32. Rxe1 Rd8 33. Qe5+ Kg8
34. Nxf7 Kxf7 35. c4 Re8 36. Qxe8+ Qxe8 37. Rxe8 Kxe8 38. h4 h6 39. Kf2 g5 40.
hxg5 hxg5 41. Ke3 a5 42. Kd3 Ke7 43. a3 Kd7 44. Kc3 Kc7 45. b4 cxb4+ 46. axb4
a4 47. b5 a3 48. c5 f4 49. d6+ Kd7 0-1

[Event "17. Open de Sants Hostafrancs 2015"]
[Site "Barcelona ESP"]
[Date "2015.08.28"]
[Round "8.34"]
[White "Mascaro March, Pedro"]
[Black "Schnelzer, Reinhold"]
[Result "1-0"]
[WhiteElo "2414"]
[BlackElo "2230"]
[PlyCount "65"]
[EventDate "2015.08.21"]
[EventType "swiss"]
[EventRounds "10"]
[EventCountry "ESP"]
[SourceTitle "Ajedrez en Madrid"]
[Source "lmi"]
[SourceDate "2015.08.21"]

1. d4 Nf6 2. Nf3 e6 3. c4 Bb4+ 4. Nbd2 b6 5. a3 Bxd2+ 6. Bxd2 Bb7 7. Bg5 d6 8.
e3 Nbd7 9. Bd3 h6 10. Bh4 g5 11. Bg3 h5 12. h4 g4 13. Nd2 Bxg2 14. Rg1 Bb7 15.
Qa4 Qe7 16. O-O-O e5 17. Bf5 Kf8 18. Rdf1 a6 19. Qb3 Re8 20. f3 Rg8 21. d5 Nc5
22. Qc2 gxf3 23. b4 Ncd7 24. Nxf3 Bc8 25. Ng5 Rg7 26. Rg2 Kg8 27. Be1 Nf8 28.
Bxc8 Rxc8 29. Qf5 N8d7 30. Rfg1 Ng4 31. Ne4 Rf8 32. Bd2 f6 33. Ng3 1-0

[Event "17. Open de Sants Hostafrancs 2015"]
[Site "Barcelona ESP"]
[Date "2015.08.28"]
[Round "8.35"]
[White "Garcia Trobat, Francisco"]
[Black "Perske, Thore"]
[Result "0-1"]
[WhiteElo "2273"]
[BlackElo "2408"]
[PlyCount "84"]
[EventDate "2015.08.21"]
[EventType "swiss"]
[EventRounds "10"]
[EventCountry "ESP"]
[SourceTitle "Ajedrez en Madrid"]
[Source "lmi"]
[SourceDate "2015.08.21"]

1. e4 e6 2. d4 d5 3. Nc3 Nf6 4. e5 Nfd7 5. f4 c5 6. Nf3 Be7 7. Be3 b6 8. Qd2
O-O 9. h4 Nc6 10. g3 cxd4 11. Nxd4 Nxd4 12. Bxd4 Nc5 13. Bg2 Bb7 14. O-O-O Qd7
15. Kb1 Rac8 16. h5 b5 17. Qe3 b4 18. Ne2 a5 19. g4 Ne4 20. h6 g6 21. Bxe4 dxe4
22. Ng3 Bd5 23. Rh2 Qc6 24. Rhd2 a4 25. b3 Ra8 26. f5 Ra5 27. Nh5 Rfa8 28. fxg6
fxg6 29. Nf6+ Bxf6 30. exf6 Kf7 31. Be5 Qa6 32. Qd4 axb3 33. Qxb4 Ra7 34. cxb3
Rxa2 35. Rxa2 Qxa2+ 36. Kc1 g5 37. Rd2 Qa6 38. Qb8 e3 39. Qh8 exd2+ 40. Kxd2
Qa2+ 41. Kc1 Qa3+ 42. Kd2 Qb4+ 0-1

[Event "17. Open de Sants Hostafrancs 2015"]
[Site "Barcelona ESP"]
[Date "2015.08.28"]
[Round "8.36"]
[White "Mateus, Alejandro"]
[Black "Mullon, Jean-Baptiste"]
[Result "0-1"]
[WhiteElo "2283"]
[BlackElo "2402"]
[PlyCount "82"]
[EventDate "2015.08.21"]
[EventType "swiss"]
[EventRounds "10"]
[EventCountry "ESP"]
[SourceTitle "Ajedrez en Madrid"]
[Source "lmi"]
[SourceDate "2015.08.21"]

1. e4 c5 2. Nf3 e6 3. d4 cxd4 4. Nxd4 a6 5. Nc3 b5 6. Bd3 Qb6 7. Nb3 Qc7 8. O-O
Nf6 9. a3 d6 10. Qf3 Nbd7 11. Qg3 Bb7 12. f4 h5 13. h3 h4 14. Qe1 Be7 15. Bd2
Nh5 16. a4 b4 17. Nd1 a5 18. Rc1 Ng3 19. Rf3 d5 20. e5 Nc5 21. f5 exf5 22. Nd4
g6 23. Bb5+ Kf8 24. c3 b3 25. Bf4 Nge4 26. e6 Bd6 27. Bxd6+ Qxd6 28. exf7 Kxf7
29. Ne3 Ne6 30. Nexf5 gxf5 31. Nxf5 Qb6+ 32. Kh1 N6g5 33. Rf4 Rhf8 34. c4 d4
35. c5 Qc7 36. Rf1 Kg6 37. c6 Bc8 38. Nxh4+ Kg7 39. Rxf8 Kxf8 40. Be2 Qf4 41.
Bf3 Ng3+ 0-1

[Event "17. Open de Sants Hostafrancs 2015"]
[Site "Barcelona ESP"]
[Date "2015.08.28"]
[Round "8.37"]
[White "Hernando Rodrigo, Julio Antoni"]
[Black "Jeitz, Christian"]
[Result "1-0"]
[WhiteElo "2389"]
[BlackElo "2203"]
[PlyCount "81"]
[EventDate "2015.08.21"]
[EventType "swiss"]
[EventRounds "10"]
[EventCountry "ESP"]
[SourceTitle "Ajedrez en Madrid"]
[Source "lmi"]
[SourceDate "2015.08.21"]

1. d4 Nf6 2. c4 g6 3. Nc3 d5 4. cxd5 Nxd5 5. e4 Nxc3 6. bxc3 Bg7 7. Nf3 c5 8.
Rb1 O-O 9. Be2 b6 10. O-O Bb7 11. Qd3 e6 12. Bg5 Qc7 13. Qe3 Nd7 14. e5 a6 15.
Be7 Rfc8 16. Bd6 cxd4 17. cxd4 Qc2 18. Bd3 Qxa2 19. Ng5 Bd5 20. Ra1 Qb2 21.
Rfb1 Qc3 22. Ra3 Qc6 23. Bxa6 Qc2 24. Rba1 Rc6 25. h4 f6 26. Nf3 fxe5 27. Bb7
Rxa3 28. Qxa3 Bxf3 29. gxf3 Rc3 30. Qa8+ Nf8 31. Be4 Qd2 32. Ra7 Rc1+ 33. Kg2
Qh6 34. Qe8 Rh1 35. Rxg7+ Qxg7 36. Kxh1 exd4 37. Kg2 b5 38. Qxb5 Qf6 39. Qg5
Qxg5+ 40. hxg5 Nd7 41. Bc6 1-0

[Event "17. Open de Sants Hostafrancs 2015"]
[Site "Barcelona ESP"]
[Date "2015.08.28"]
[Round "8.38"]
[White "Serarols Mabras, Bernat"]
[Black "Lorenzo De La Riva, Lazaro"]
[Result "1/2-1/2"]
[WhiteElo "2260"]
[BlackElo "2372"]
[PlyCount "114"]
[EventDate "2015.08.21"]
[EventType "swiss"]
[EventRounds "10"]
[EventCountry "ESP"]
[SourceTitle "Ajedrez en Madrid"]
[Source "lmi"]
[SourceDate "2015.08.21"]

1. d4 g6 2. c4 Bg7 3. Nf3 Nf6 4. Nc3 d5 5. Bf4 c5 6. dxc5 Qa5 7. cxd5 Nxd5 8.
Qxd5 Bxc3+ 9. Bd2 Be6 10. Qxb7 Bxd2+ 11. Nxd2 O-O 12. b4 Qa4 13. e3 Rd8 14. Rd1
Bd5 15. Qb5 Qxa2 16. Bc4 Bxc4 17. Qxc4 Qb2 18. O-O Nc6 19. Nb3 Ne5 20. Rxd8+
Rxd8 21. Qe4 f6 22. f4 Qxb3 23. fxe5 f5 24. Qf4 Rb8 25. c6 Rxb4 26. c7 Rc4 27.
Qd4 Kg7 28. Qd8 Qxe3+ 29. Kh1 Qc5 30. c8=Q Qxc8 31. Qxe7+ Kh6 32. Qxa7 Qc5 33.
Qa6 Re4 34. e6 Qe7 35. h3 Rxe6 36. Qa1 Re2 37. Qc1+ Qe3 38. Qc8 Qe4 39. Qf8+
Kh5 40. Rg1 h6 41. Qf7 Rd2 42. Kh2 f4 43. Kh1 Rd3 44. Kh2 Rd2 45. Kh1 Kh4 46.
Qf6+ Kg3 47. Qc3+ Rd3 48. Qc7 g5 49. Qf7 Kh4 50. Kh2 Rg3 51. Qf6 h5 52. Qb6 Qe2
53. Kh1 Qc2 54. Qd4 Rxh3+ 55. gxh3 Kxh3 56. Qf2 Qxf2 57. Rg3+ fxg3 1/2-1/2

[Event "17. Open de Sants Hostafrancs 2015"]
[Site "Barcelona ESP"]
[Date "2015.08.28"]
[Round "8.39"]
[White "Pedini, Dario"]
[Black "Gonzalez Rodriguez, Jorge A"]
[Result "0-1"]
[WhiteElo "2249"]
[BlackElo "2369"]
[PlyCount "147"]
[EventDate "2015.08.21"]
[EventType "swiss"]
[EventRounds "10"]
[EventCountry "ESP"]
[SourceTitle "Ajedrez en Madrid"]
[Source "lmi"]
[SourceDate "2015.08.21"]

1. g3 c5 2. Bg2 Nc6 3. e4 g6 4. Nc3 Bg7 5. d3 d6 6. Be3 e6 7. Qd2 h6 8. f4 Nge7
9. Nf3 Nd4 10. O-O Nec6 11. Nh4 Bf6 12. Qf2 Bg7 13. a3 a5 14. Rae1 O-O 15. Nd1
Ne7 16. c3 Ndc6 17. g4 f6 18. Qg3 g5 19. Nf3 Ng6 20. f5 Nge5 21. Nxe5 Nxe5 22.
Nf2 a4 23. Rd1 Qb6 24. Bc1 Bd7 25. Rfe1 Rfe8 26. h4 Qb3 27. Kh2 Nf7 28. Nh3 Bc6
29. Qf2 Qb6 30. d4 cxd4 31. hxg5 hxg5 32. cxd4 e5 33. Be3 Qa6 34. d5 Bb5 35.
Rc1 Rac8 36. Kg3 Bh6 37. Bf3 Qa8 38. Ng1 Rxc1 39. Rxc1 Rc8 40. Qd2 Rxc1 41.
Qxc1 Qa6 42. Kf2 Bf8 43. Qc7 Bd3 44. Ne2 Qb5 45. Qb6 Qd7 46. Nc3 Nh6 47. Kg3
Qh7 48. Bf2 Bf1 49. Bg2 Bxg2 50. Kxg2 Nxg4 51. Bg1 Qh4 52. Qxb7 Nh6 53. Qa7 g4
54. Qe3 Nf7 55. Qg3 Qh5 56. Be3 Bh6 57. Bxh6 Nxh6 58. Qe3 Nf7 59. Nd1 Ng5 60.
Nf2 Nf3 61. Kg3 Qh4+ 62. Kg2 Qh2+ 63. Kf1 Qg1+ 64. Ke2 Qe1+ 65. Kd3 g3 66. Qh6
Ng5 67. Qg6+ Kf8 68. Qxf6+ Nf7 69. Nh3 Qf1+ 70. Kc3 Qxh3 71. Qg6 g2+ 72. Kb4
Qh1 73. f6 g1=Q 74. Qf5 0-1

[Event "17. Open de Sants Hostafrancs 2015"]
[Site "Barcelona ESP"]
[Date "2015.08.28"]
[Round "8.40"]
[White "Guezennec, Franck"]
[Black "Diaz Camallonga, Carles"]
[Result "1/2-1/2"]
[WhiteElo "2228"]
[BlackElo "2358"]
[PlyCount "129"]
[EventDate "2015.08.21"]
[EventType "swiss"]
[EventRounds "10"]
[EventCountry "ESP"]
[SourceTitle "Ajedrez en Madrid"]
[Source "lmi"]
[SourceDate "2015.08.21"]

1. e4 e6 2. d4 d5 3. Nd2 a6 4. Bd3 c5 5. dxc5 Bxc5 6. Ngf3 Nc6 7. O-O Nge7 8.
a3 O-O 9. b4 Ba7 10. Bb2 Ng6 11. g3 d4 12. h4 e5 13. h5 Nge7 14. h6 g6 15. a4
Nxb4 16. Nxe5 Nxd3 17. cxd3 Bh3 18. Re1 Be6 19. a5 Nc6 20. Nec4 Qg5 21. Kg2
Qxh6 22. Rh1 Qg7 23. Ba3 Rfd8 24. Rb1 Rd7 25. Qa4 f6 26. Nd6 Ne5 27. Nb3 Bg4
28. Nd2 Be6 29. Nb3 Kh8 30. Nxd4 Bxd4 31. Qxd4 Bg4 32. Rh4 Nf3 33. Qd5 Nxh4+
34. gxh4 Rad8 35. Rb6 Qe7 36. f4 Be6 37. Qd4 Kg8 38. Kg3 Rc7 39. Bc5 Rc6 40.
Rxc6 bxc6 41. Qb4 Qd7 42. d4 h5 43. Kh2 Kh7 44. Qb6 Ra8 45. Qb2 Bg4 46. e5 fxe5
47. Ne4 Kh6 48. fxe5 Qf5 49. Qd2+ Kg7 50. Ng5 Qf1 51. e6 Qe2+ 52. Qxe2 Bxe2 53.
Kg3 Kf6 54. Kf4 Bd3 55. e7 Bf5 56. Nh7+ Ke6 57. Kg5 Re8 58. Nf6 Rxe7 59. Bxe7
Kxe7 60. Nxh5 Bc2 61. Nf4 Kf7 62. Ng2 Ke6 63. Nf4+ Kf7 64. Ne2 Ke6 65. Nf4+
1/2-1/2

[Event "17. Open de Sants Hostafrancs 2015"]
[Site "Barcelona ESP"]
[Date "2015.08.28"]
[Round "8.41"]
[White "Midoux, Sebastien"]
[Black "Sanz Rodero, Mikel"]
[Result "1-0"]
[WhiteElo "2344"]
[BlackElo "2150"]
[PlyCount "69"]
[EventDate "2015.08.21"]
[EventType "swiss"]
[EventRounds "10"]
[EventCountry "ESP"]
[SourceTitle "Ajedrez en Madrid"]
[Source "lmi"]
[SourceDate "2015.08.21"]

1. e4 d5 2. exd5 Qxd5 3. Nf3 Bg4 4. Be2 Nc6 5. h3 Bxf3 6. Bxf3 Qe5+ 7. Qe2
Qxe2+ 8. Bxe2 O-O-O 9. O-O e5 10. d3 Nd4 11. Bd1 g6 12. Nd2 Bh6 13. Re1 f6 14.
Ne4 Bxc1 15. Rxc1 h6 16. c3 Ne6 17. Bb3 Nf4 18. Rcd1 b6 19. g3 Nxh3+ 20. Kg2
Ng5 21. Bxg8 Rhxg8 22. Nxf6 Rgf8 23. Ng4 e4 24. dxe4 Rxd1 25. Rxd1 Nxe4 26. Rd4
Ng5 27. Nxh6 Nf3 28. Re4 Kd7 29. Ng4 Kd6 30. Re3 Ng5 31. Ne5 Rf6 32. f4 Ne6 33.
Nxg6 Rxg6 34. f5 Nf4+ 35. Kf3 1-0

[Event "17. Open de Sants Hostafrancs 2015"]
[Site "Barcelona ESP"]
[Date "2015.08.28"]
[Round "8.42"]
[White "Colon Garcia, Enrique"]
[Black "Vidal, Llewellyn"]
[Result "0-1"]
[WhiteElo "2328"]
[BlackElo "2117"]
[PlyCount "120"]
[EventDate "2015.08.21"]
[EventType "swiss"]
[EventRounds "10"]
[EventCountry "ESP"]
[SourceTitle "Ajedrez en Madrid"]
[Source "lmi"]
[SourceDate "2015.08.21"]

1. d4 d5 2. c4 c6 3. Nf3 Nf6 4. Nc3 dxc4 5. a4 Bf5 6. e3 e6 7. Bxc4 Bb4 8. O-O
O-O 9. Qe2 Bg6 10. Ne5 Nbd7 11. Nxg6 hxg6 12. Rd1 Qa5 13. Qc2 Nb6 14. Be2 c5
15. Na2 cxd4 16. Nxb4 Qxb4 17. a5 Rac8 18. Qd3 Nbd7 19. Qxd4 Qxd4 20. Rxd4 e5
21. Rc4 Rxc4 22. Bxc4 Rc8 23. b3 a6 24. Ba3 e4 25. Bb2 Rc5 26. h3 Nb8 27. Rd1
Nc6 28. Bc3 Kf8 29. g4 Ke8 30. Rc1 Nd7 31. Bxg7 Nxa5 32. Bb2 Nxc4 33. Rxc4 Rxc4
34. bxc4 b5 35. cxb5 axb5 36. Kf1 Nc5 37. h4 b4 38. h5 gxh5 39. gxh5 Kf8 40.
Ke2 Nd3 41. Bd4 b3 42. Kd2 Nxf2 43. Kc3 Kg8 44. Kxb3 Kh7 45. Kc2 Kh6 46. Kd2
Kxh5 47. Ke2 Nd3 48. Ba7 Kg4 49. Bb8 Kf5 50. Bc7 Kg4 51. Bb8 Kh3 52. Kf1 f6 53.
Bc7 Ne5 54. Bd8 Ng4 55. Ke2 Kg2 56. Be7 f5 57. Bd6 Nf2 58. Bc7 Nh1 59. Bf4 Ng3+
60. Kd2 Kf2 0-1

[Event "17. Open de Sants Hostafrancs 2015"]
[Site "Barcelona ESP"]
[Date "2015.08.28"]
[Round "8.43"]
[White "Kulon, Klaudia"]
[Black "Lemeaux, David"]
[Result "1-0"]
[WhiteElo "2240"]
[BlackElo "2324"]
[PlyCount "97"]
[EventDate "2015.08.21"]
[EventType "swiss"]
[EventRounds "10"]
[EventCountry "ESP"]
[SourceTitle "Ajedrez en Madrid"]
[Source "lmi"]
[SourceDate "2015.08.21"]

1. e4 c5 2. Nf3 e6 3. d4 cxd4 4. Nxd4 Nc6 5. Nc3 Qc7 6. Be3 a6 7. Qd2 Nf6 8.
O-O-O Bb4 9. f3 Ne5 10. Nb3 b5 11. Kb1 Be7 12. Qf2 Rb8 13. g4 Nc4 14. Ba7 Rb7
15. Bd4 e5 16. Be3 Nxb2 17. Kxb2 Ba3+ 18. Kxa3 Qxc3 19. Bc5 b4+ 20. Ka4 Qb2 21.
Bxb4 Qxa2+ 22. Ba3 Rxb3 23. Qc5 Rxa3+ 24. Qxa3 Qxc2+ 25. Qb3 Qc6+ 26. Ka3 O-O
27. Bc4 d6 28. Rc1 Qc5+ 29. Kb2 Qd4+ 30. Ka2 Nd7 31. Bxf7+ Kh8 32. Rhd1 Nc5 33.
Qc3 Qa4+ 34. Qa3 Qc6 35. Bd5 Qc7 36. Ka1 Bd7 37. Ba2 Bb5 38. Rd5 h6 39. Qe3 Rf6
40. h4 Qe7 41. g5 Rg6 42. f4 exf4 43. Qxf4 Bc6 44. Rf5 Kh7 45. Rf8 d5 46. Qb8
Re6 47. h5 Nb3+ 48. Bxb3 Qa3+ 49. Kb1 1-0

[Event "17. Open de Sants Hostafrancs 2015"]
[Site "Barcelona ESP"]
[Date "2015.08.28"]
[Round "8.44"]
[White "Sochacki, Wojtek"]
[Black "Ciornei, Dragos"]
[Result "1-0"]
[WhiteElo "2324"]
[BlackElo "2136"]
[PlyCount "87"]
[EventDate "2015.08.21"]
[EventType "swiss"]
[EventRounds "10"]
[EventCountry "ESP"]
[SourceTitle "Ajedrez en Madrid"]
[Source "lmi"]
[SourceDate "2015.08.21"]

1. d4 Nf6 2. Nf3 g6 3. g3 Bg7 4. Bg2 O-O 5. O-O d6 6. c4 Nbd7 7. Nc3 e5 8. h3
c6 9. e4 exd4 10. Nxd4 Re8 11. Re1 a5 12. Be3 Nc5 13. Qc2 a4 14. Rad1 Nfd7 15.
f4 Qa5 16. Bf2 Nb6 17. Bf1 Qb4 18. a3 Qa5 19. Nf3 Bf8 20. g4 Be6 21. Na2 f6 22.
Bd4 Nbd7 23. Nb4 Nb3 24. Bf2 Rad8 25. Kh1 Bf7 26. Bh4 Bh6 27. g5 Bg7 28. Rxd6
Qc7 29. gxf6 Bf8 30. c5 Bxd6 31. cxd6 Qxd6 32. e5 Qc5 33. Qg2 Nf8 34. Bf2 Qa5
35. Qg5 Bd5 36. Nxd5 Qxd5 37. Bg2 Qd7 38. Qh6 Ne6 39. Bb6 Qf7 40. Bxd8 Rxd8 41.
Ng5 Nxg5 42. fxg5 Qf8 43. e6 Qxh6 44. f7+ 1-0

[Event "17. Open de Sants Hostafrancs 2015"]
[Site "Barcelona ESP"]
[Date "2015.08.28"]
[Round "8.45"]
[White "Vidarte Morales, Arturo"]
[Black "Pozanco Romasanta, Marc"]
[Result "1/2-1/2"]
[WhiteElo "2304"]
[BlackElo "2111"]
[PlyCount "72"]
[EventDate "2015.08.21"]
[EventType "swiss"]
[EventRounds "10"]
[EventCountry "ESP"]
[SourceTitle "Ajedrez en Madrid"]
[Source "lmi"]
[SourceDate "2015.08.21"]

1. Nf3 d5 2. g3 e6 3. Bg2 Nf6 4. O-O Be7 5. d4 O-O 6. c4 dxc4 7. Qa4 a6 8. Qxc4
b5 9. Qc2 Bb7 10. Bd2 Nbd7 11. Ba5 Bd6 12. Nbd2 Nd5 13. a3 N5b6 14. b4 f5 15.
Bxb6 Nxb6 16. e4 fxe4 17. Nxe4 Bd5 18. Ne5 Bxe5 19. dxe5 Nc4 20. Qc3 a5 21.
Rfd1 Qe8 22. Qd4 axb4 23. axb4 Qc6 24. Rxa8 Rxa8 25. h4 h6 26. Qc5 Nxe5 27. f4
Bxe4 28. Qxc6 Bxc6 29. fxe5 Bxg2 30. Kxg2 Ra3 31. Rc1 Rb3 32. Rxc7 Rxb4 33. Re7
Re4 34. Rxe6 Kf7 35. Rb6 Rxe5 36. g4 g6 1/2-1/2

[Event "17. Open de Sants Hostafrancs 2015"]
[Site "Barcelona ESP"]
[Date "2015.08.28"]
[Round "8.46"]
[White "Betaneli, Alexander"]
[Black "Santarius, Erik F"]
[Result "1/2-1/2"]
[WhiteElo "2218"]
[BlackElo "2302"]
[PlyCount "29"]
[EventDate "2015.08.21"]
[EventType "swiss"]
[EventRounds "10"]
[EventCountry "ESP"]
[SourceTitle "Ajedrez en Madrid"]
[Source "lmi"]
[SourceDate "2015.08.21"]

1. c4 Nf6 2. g3 e6 3. Nf3 d5 4. d4 dxc4 5. Bg2 c6 6. Ne5 Bb4+ 7. Bd2 Qxd4 8.
Bxb4 Qxe5 9. Na3 b5 10. Bc3 Qc5 11. Bd4 Qb4+ 12. Bc3 Qc5 13. Bd4 Qb4+ 14. Bc3
Qc5 15. Bd4 1/2-1/2

[Event "17. Open de Sants Hostafrancs 2015"]
[Site "Barcelona ESP"]
[Date "2015.08.28"]
[Round "8.47"]
[White "Ramirez Carrizo, Victor Jose"]
[Black "Jaksland, Tim"]
[Result "1/2-1/2"]
[WhiteElo "2122"]
[BlackElo "2292"]
[PlyCount "121"]
[EventDate "2015.08.21"]
[EventType "swiss"]
[EventRounds "10"]
[EventCountry "ESP"]
[SourceTitle "Ajedrez en Madrid"]
[Source "lmi"]
[SourceDate "2015.08.21"]

1. e4 c5 2. Nf3 e6 3. d4 cxd4 4. Nxd4 Nc6 5. Nc3 Qc7 6. Be3 a6 7. Qd2 Nf6 8.
O-O-O Be7 9. f3 b5 10. g4 Nxd4 11. Bxd4 Bb7 12. g5 Nh5 13. Bh3 b4 14. Ne2 Rc8
15. Kb1 h6 16. gxh6 Rxh6 17. Bxg7 Rg6 18. Be5 Qxe5 19. Qxd7+ Kf8 20. Qxb7 Rb8
21. Qa7 Bf6 22. Qd4 Qb5 23. Qd6+ Kg7 24. Nd4 Qb6 25. e5 Bg5 26. Qxb6 Rxb6 27.
Ne2 Rb5 28. Ng3 Nf4 29. Bf1 Rxe5 30. Bxa6 Re3 31. Rd4 Nd5 32. Rxd5 exd5 33.
Nf5+ Kf6 34. Nxe3 Bxe3 35. Bb7 Ke5 36. Rd1 d4 37. b3 Rh6 38. Rh1 Rh3 39. Kb2
Bd2 40. a4 bxa3+ 41. Kxa3 f5 42. b4 Bf4 43. Re1+ Kd6 44. b5 Rxh2 45. Kb3 Be3
46. Ra1 Kc5 47. Bc6 f4 48. Ra8 Rh1 49. Rg8 Rb1+ 50. Ka2 Rb4 51. Rg5+ Kb6 52.
Ka3 Rb1 53. Ka4 Bd2 54. Be8 Rb4+ 55. Ka3 Rb1 56. Rg6+ Kc7 57. Ka2 Rb4 58. Rh6
Bc3 59. b6+ Rxb6 60. Rxb6 Kxb6 61. Kb3 1/2-1/2

[Event "17. Open de Sants Hostafrancs 2015"]
[Site "Barcelona ESP"]
[Date "2015.08.28"]
[Round "8.48"]
[White "Valdes Romero, Leonardo"]
[Black "Beltran Ortiz, Edda Georgina"]
[Result "1-0"]
[WhiteElo "2396"]
[BlackElo "1891"]
[PlyCount "84"]
[EventDate "2015.08.21"]
[EventType "swiss"]
[EventRounds "10"]
[EventCountry "ESP"]
[SourceTitle "Ajedrez en Madrid"]
[Source "lmi"]
[SourceDate "2015.08.21"]

1. Nf3 c5 2. c4 g6 3. Nc3 Bg7 4. g3 d6 5. Bg2 Nf6 6. d4 cxd4 7. Nxd4 O-O 8. O-O
a6 9. b3 Qc7 10. Bb2 Bd7 11. Rc1 e6 12. Qd2 Rd8 13. Rfd1 Be8 14. Rc2 Qd7 15.
Ba3 Bf8 16. Qe3 e5 17. Nf3 Qf5 18. Rcd2 Nc6 19. Bxd6 Bxd6 20. Rxd6 Rxd6 21.
Rxd6 Ng4 22. Qe4 Bd7 23. Qxf5 Bxf5 24. h3 Nh6 25. g4 Be6 26. Ng5 Rd8 27. Rxd8+
Nxd8 28. Nxe6 fxe6 29. Ne4 b5 30. cxb5 axb5 31. a4 bxa4 32. bxa4 Kg7 33. Nc5
Nhf7 34. Nd7 Nd6 35. Nxe5 Kf6 36. Nc6 Nxc6 37. Bxc6 Nc4 38. Bb5 Na5 39. f4 h5
40. g5+ Kf5 41. e3 e5 42. Bd7+ Ke4 1-0

[Event "17. Open de Sants Hostafrancs 2015"]
[Site "Barcelona ESP"]
[Date "2015.08.28"]
[Round "8.49"]
[White "Morawietz, Dieter"]
[Black "Reisch, Stefan"]
[Result "1-0"]
[WhiteElo "2430"]
[BlackElo "2187"]
[PlyCount "61"]
[EventDate "2015.08.21"]
[EventType "swiss"]
[EventRounds "10"]
[EventCountry "ESP"]
[SourceTitle "Ajedrez en Madrid"]
[Source "lmi"]
[SourceDate "2015.08.21"]

1. e4 d5 2. exd5 Qxd5 3. Nc3 Qd8 4. d4 g6 5. Bc4 Bg7 6. Nf3 Nh6 7. Bf4 Nf5 8.
Be5 O-O 9. Bxg7 Kxg7 10. Qd2 Nd7 11. O-O-O Nf6 12. Ne5 Nd6 13. Be2 Be6 14. d5
Bd7 15. h4 h5 16. g4 Rh8 17. f3 e6 18. Qd4 Kg8 19. Nxd7 Nxd7 20. dxe6 fxe6 21.
gxh5 Rxh5 22. f4 Rxh4 23. Bg4 Rxh1 24. Bxe6+ Kf8 25. Rxh1 Qf6 26. Rh8+ Kg7 27.
Qxf6+ Kxf6 28. Nd5+ Kxe6 29. Nxc7+ Kf5 30. Rxa8 Nf6 31. Rf8 1-0

[Event "17. Open de Sants Hostafrancs 2015"]
[Site "Barcelona ESP"]
[Date "2015.08.28"]
[Round "8.50"]
[White "Forgues, Fabien"]
[Black "Roser, Kevin"]
[Result "1/2-1/2"]
[WhiteElo "2187"]
[BlackElo "2404"]
[PlyCount "42"]
[EventDate "2015.08.21"]
[EventType "swiss"]
[EventRounds "10"]
[EventCountry "ESP"]
[SourceTitle "Ajedrez en Madrid"]
[Source "lmi"]
[SourceDate "2015.08.21"]

1. e4 c5 2. Nf3 Nc6 3. d4 cxd4 4. Nxd4 Nf6 5. Nc3 d6 6. Bg5 e6 7. Qd2 a6 8.
O-O-O Be7 9. Bxf6 gxf6 10. f4 Bd7 11. Be2 h5 12. Bf3 Qb6 13. Nb3 O-O-O 14. h4
Na5 15. Kb1 Nxb3 16. axb3 Kb8 17. Qe2 Qc5 18. f5 Rh7 19. Rhe1 Rdh8 20. Qd2 Bc8
21. Na4 Qc7 1/2-1/2